|
|
|
|
| LEADER |
00000cam a2200000 7i4500 |
| 001 |
0000065494 |
| 005 |
20090312.0 |
| 008 |
090312 eng |
| 020 |
|
|
|a 9789833894765
|
| 090 |
0 |
0 |
|a J 823 LIN
|
| 100 |
1 |
|
|a Lindstrom,Ernest
|
| 245 |
1 |
2 |
|a A Day At The Museum (Book 8)
|c Ernest Lindstrom And Robert Williams
|
| 260 |
|
|
|a Kuala Lumpur :
|b Kohwai & Young Publications (M) Sdn.Bhd. ,
|c 2008
|
| 300 |
|
|
|a 53p. :
|b ill.col. ;
|c 18cm.
|
| 440 |
|
0 |
|a Paul And Mary Progressive Readers
|
| 650 |
0 |
0 |
|a Childrens Fiction
|x English
|
| 999 |
|
|
|a 320949
|b Buku
|c Koleksi Pinjaman Kanak-Kanak
|e Perbadanan Perpustakaan Awam Melaka
|
| 999 |
|
|
|a 320950
|b Buku
|c Koleksi Pinjaman Kanak-Kanak
|e Perbadanan Perpustakaan Awam Melaka
|